Switch on for success (Record no. 65644)

MARC details
000 -LEADER
fixed length control field 01021cam a2200217 4500
001 - CONTROL NUMBER
control field ABS63281
008 - FIXED-LENGTH DATA ELEMENTS--GENERAL INFORMATION
fixed length control field 000000n2000 000 0 eng u
035 ## - SYSTEM CONTROL NUMBER
System control number (Sirsi) u110052
100 ## - MAIN ENTRY--PERSONAL NAME
Personal name Lawson, D
245 ## - TITLE STATEMENT
Title Switch on for success
260 ## - PUBLICATION, DISTRIBUTION, ETC.
Date of publication, distribution, etc. 2000
490 ## - SERIES STATEMENT
Series statement Property Week
Volume/sequential designation 65(47) 1 December 2000, 76-77(2)
520 ## - SUMMARY, ETC.
Summary, etc. Describes the entrance of Rogers Chapman into the world of high technology, providing an insight into the rise of new technology in the property industry such as internet data centres and some of the technology used. Describes how to meet the demands of the technology companies looking for the right property in the right place and points out that it is not necessary to provide technological expertise but to provide a good service and to be aware of the jargon used.
590 ## - LOCAL NOTE (RLIN)
Local note ABS
650 ## - SUBJECT ADDED ENTRY--TOPICAL TERM
Topical term or geographic name entry element INTERNET ACCESS
650 ## - SUBJECT ADDED ENTRY--TOPICAL TERM
Topical term or geographic name entry element TELECOMMUNICATIONS
650 ## - SUBJECT ADDED ENTRY--TOPICAL TERM
Topical term or geographic name entry element OCCUPIERS REQUIREMENTS
650 ## - SUBJECT ADDED ENTRY--TOPICAL TERM
Topical term or geographic name entry element HIGH TECH COMPANIES
690 ## - LOCAL SUBJECT ADDED ENTRY--TOPICAL TERM (OCLC, RLIN)
Topical term or geographic name as entry element PROPERTY-COMMERCIAL PROPERTY
942 ## - ADDED ENTRY ELEMENTS (KOHA)
Suppress in OPAC 0
Holdings
Withdrawn status Lost status Source of classification or shelving scheme Damaged status Not for loan Home library Current library Shelving location Date acquired Total Checkouts Full call number Barcode Date last seen Copy number Price effective from Koha item type
    Dewey Decimal Classification     London London Journal article 22/12/2000   ABS63281 110052-1001 06/08/2019 1 06/08/2019 Journal article